| 000 | 00000nam##2200000za#4500 |
| 001 | 9.579148 |
| 003 | CaOODSP |
| 005 | 20210624190427 |
| 007 | cr ||||||||||| |
| 008 | 150406|1997||||xxc|||||o f|0| 0 eng|d |
| 022 | |a1488-5379 |
| 040 | |aCaOODSP|beng |
| 043 | |an-cn--- |
| 086 | 1 |aFs97-6/2175E-PDF |
| 110 | 1 |aCanada. |bDepartment of Fisheries and Oceans. |
| 245 | 10|aInshore rockfish stock assessment for the West Coast of Canada in 1996 and recommended yields for 1997 / |h[electronic resource]|cby K.L. Yamanaka, and A.R. Kronlund. |
| 260 | |aNanaimo - British Columbia : |bFisheries and Oceans Canada |c1997. |
| 300 | |a92p.|breferences, tables |
| 490 | 1 |aCanadian technical report of fisheries and aquatic sciences|x1488-5379|vNo. 2175 |
| 500 | |aOn t. p. : Science Branch, Pacific Region, Pacific Biological Station, Nanaimo, British Columbia. The catalogue number and ISSN for the print edition appear in the PDF version. |
| 546 | |a(Résumé en français) |
| 590 | |a14-05-Supp|b2014-02-26 |
| 720 | 1 |aKronlund, A. R. |
| 720 | 1 |aYamanaka, K. L. |
| 830 | #0|aCanadian technical report of fisheries and aquatic sciences,|x1488-5379|vNo. 2175|w(CaOODSP)9.504449 |
| 856 | 40|ahttp://publications.gc.ca|qPDF|s4824 KB|uhttps://publications.gc.ca/collections/collection_2014/mpo-dfo/Fs97-6-2175-eng.pdf|yNo. 2175 |